Statistics for All Dead By Daylight Perks

Click here to take the quiz!

General Stats

  • This quiz has been taken 102 times
  • The average score is 30 of 213

Answer Stats

HintAnswer% Correct
Leader
85%
Self-Care
79%
Sprint Burst
79%
Prove Thyself
76%
Nea KarlssonBalanced Landing
70%
Dead Hard
70%
Meg ThomasQuick and Quiet
70%
Adrenaline
67%
Dwight FairfieldBond
67%
Botany Knowledge
67%
Calm Spirit
67%
Jake ParkIron Will
67%
Lithe
61%
Laurie StrodeSole Survivor
61%
Saboteur
58%
Claudette MorelEmpathy
55%
Streetwise
55%
Decisive Strike
52%
Urban Evasion
52%
Ace in the Hole
48%
Object of Obsession
45%
Feng MinTechnician
45%
Unbreakable
45%
Quentin SmithWake Up!
45%
Alert
42%
Borrowed Time
42%
Boil Over
39%
William "Bill" OverbeckLeft Behind
39%
No Mither
39%
Kate DensonDance With Me
36%
Head On
36%
Pharmacy
36%
Adam FrancisDiversion
33%
David KingWe're Gonna Live Forever
33%
Detective's Hunch
30%
Vigil
30%
Windows of Opportunity
30%
Stake Out
27%
Up the Ante
27%
Deliverance
24%
Ace ViscontiOpen-Handed
24%
Aftercare
21%
Jeffrey "Jeff" JohansenBreakdown
21%
Ashley J. WilliamsFlip-Flop
21%
Mettle of Man
21%
Detective David TappTenacity
21%
The ClownBamboozle
18%
Boon: Circle of Healing
18%
Distortion
18%
Jane RomeroSolidarity
18%
Agitation
15%
Autodidact
15%
Nancy WheelerBetter Together
15%
Hex: No One Escapes Death
15%
Hex: Undying
15%
Mad Grit
15%
No One Left Behind
15%
Poised
15%
Smash Hit
15%
A Nurse's Calling
12%
Blast Mine
12%
Bloodhound
12%
Brutal Strength
12%
The HillbillyEnduring
12%
Fixated
12%
Flashbang
12%
Lightborn
12%
Shadowborn
12%
Steve HarringtonBabysitter
9%
Buckle Up
9%
Deception
9%
Dying Light
9%
The PigHangman's Trick
9%
Hex: Devour Hope
9%
Hex: Huntress' Lullaby
9%
Inner Strength
9%
Yui KimuraLucky Break
9%
Make Your Choice
9%
Zarina KassirOff the Record
9%
Overcharge
9%
The WraithPredator
9%
Scourge Hook: Pain Resonance
9%
The SpiritSpirit Fury
9%
The NurseStridor
9%
The DemogorgonSurge
9%
Tinkerer
9%
Barbecue and Chili
6%
The HuntressBeast of Prey
6%
Leon S. KennedyBite the Bullet
6%
Blood Warden
6%
Boon: Exponential
6%
Boon: Shadow Step
6%
Built to Last
6%
The PlagueCorrupt Intervention
6%
Coulrophobia
6%
The LegionDiscordance
6%
The DredgeDissolution
6%
Eruption
6%
For the People
6%
Franklin's Demise
6%
Hex: Pentimento
6%
Hex: Retribution
6%
Hex: Ruin
6%
The Ghost FaceI'm All Ears
6%
Iron Maiden
6%
Kindred
6%
The NemesisLethal Pursuer
6%
Monitor and Abuse
6%
No Way Out
6%
Pop Goes the Weasel
6%
Reassurance
6%
Remember Me
6%
Resilience
6%
The ShapeSave the Best for Last
6%
Scourge Hook: Gift of Pain
6%
Second Wind
6%
Sloppy Butcher
6%
Small Game
6%
Thanatophobia
6%
The TrapperUnnerving Presence
6%
Felix RichterVisionary
6%
Ada WongWiretap
6%
Any Means Necessary
3%
Blood Echo
3%
Boon: Dark Theory
3%
Breakout
3%
Call of Brine
3%
Jill ValentineCounterforce
3%
Coup de Grâce
3%
Cruel Limits
3%
Darkness Revealed
3%
The CenobiteDeadlock
3%
Dead Man's Switch
3%
Déjà vu
3%
Desperate Measures
3%
Yun-Jin LeeFast Track
3%
The NightmareFire Up
3%
The ExecutionerForced Penance
3%
Furtive Chase
3%
The DeathslingerGearhead
3%
The ArtistGrim Embrace
3%
Hex: Blood Favour
3%
Hex: Haunted Ground
3%
Hex: Plaything
3%
The TwinsHoarder
3%
Hope
3%
Hysteria
3%
Infectious Fright
3%
Iron Grasp
3%
Mindbreaker
3%
Nemesis
3%
Oppression
3%
Jonah VasquezOvercome
3%
The DoctorOverwhelming Presence
3%
Yoichi AsakawaParental Guidance
3%
Play With Your Food
3%
Power Struggle
3%
Rancor
3%
Red Herring
3%
Repressed Alliance
3%
Residual Manifest
3%
Resurgence
3%
The OnryōScourge Hook: Floods of Rage
3%
Scourge Hook: Monstrous Shrine
3%
Self-Preservation
3%
Septic Touch
3%
Slippery Meat
3%
Cheryl MasonSoul Guard
3%
The MastermindSuperior Anatomy
3%
Surveillance
3%
Terminus
3%
Territorial Imperative
3%
Trail of Torment
3%
We'll Make It
3%
The OniZanshin Tactics
3%
Élodie RakotoAppraisal
0%
Awakened Awareness
0%
Rebecca ChambersBetter than New
0%
General Killer PerksBitter Murmur
0%
Blood Pact
0%
Camaraderie
0%
Mikaela ReidClairvoyance
0%
Corrective Action
0%
Dark Devotion
0%
General Survivor PerksDark Sense
0%
Deathbound
0%
Deerstalker
0%
Distressing
0%
The BlightDragon's Grip
0%
Empathic Connection
0%
Hex: Crowd Control
0%
The HagHex: The Third Seal
0%
Hex: Thrill of the Hunt
0%
Hyperfocus
0%
Haddie KaurInner Focus
0%
Insidious
0%
The CannibalKnock Out
0%
Lightweight
0%
Low Profile
0%
Merciless Storm
0%
Overzealous
0%
Plunderer's Instinct
0%
Premonition
0%
Reactive Healing
0%
Rookie Spirit
0%
Shattered Hope
0%
Spies From the Shadows
0%
Spine Chill
0%
The TricksterStarstruck
0%
This Is Not Happening
0%
Thrilling Tremors
0%
Unrelenting
0%
Whispers
0%

Score Distribution

Percentile by Number Answered

Percent of People with Each Score

Your Score History

You have not taken this quiz